Responses for Show #4836 - Monday, September 26, 2005

(Alex: On today's Jeopardy!, we have a contestant from New Orleans, Deborah Slattery. This episode was taped prior to the devastation of Hurricane Katrina, but we have confirmed with Deborah that she and her family are safe and well. And, of course, our thoughts and prayers go out to all of those affected by Katrina.)

Contestants

[<< previous game]

Melissa Ingells, a radio host from Okemos, Michigan

Monica Vidrio, a graduate student originally from Ventura, California

Deborah Slattery, a homemaker from New Orleans, Louisiana (whose 2-day cash winnings total $28,300)

[next game >>]

Jeopardy! Round responses

THE ANIMAL KINGDOM
NO. 1 HITS OF THE '70s
MEMORIES OF VIETNAM
CITY NICKNAMES
SUCH AUGUST GENTLEMEN
WORD ORIGINS
    $200 9
a camel

Monica
    $200 14
Diana Ross

Deborah
    $200 23
John McCain

Monica
    $200 1
Nashville

Deborah
    $200 19
"Rock Of Ages"

Deborah
    $200 4
wimp

Melissa
    $400 10
(Deborah: What is the shark?)
...
(Alex: If we told you that insessorial means "able to perch", I'm sure it would have been too easy.)

the hawk

DeborahMelissa
    $400 15
(Monica: What is "Love To Love You Baby"?)

"Bad Girls"

Monica
Triple Stumper
    $400 24
swift boats

Melissa
    $400 2
Birmingham

Deborah
    $400 20
Rodin

Melissa
    $400 5
mush

Monica
    $600 11
primates

Melissa
    $600 16
"You Should Be Dancing"

Triple Stumper
    $600 25
My Lai

Deborah
    $600 3
Charlotte

Monica
    $600 28
(St.) Augustine

Monica
    $600 6
London

Melissa
    $800 12
(Alex: Yes, my favorite animal!)

a musk ox

Melissa
    $800 21
"Disco Duck"

Melissa
    $800 26
Ross Perot

Melissa
    $800 17
(Alex: How many cities can you think of from Wisconsin? Try [*], the obvious.)

Milwaukee

Triple Stumper
    $800 29
Pinochet

Melissa
    $800 7
matron

Melissa
    $1000 13
a newt

Monica
    $1000 22
Kiki Dee

Melissa
    $1000 27
Westmoreland

Melissa
    $600 18
Savannah

Deborah
    $1000 30
(Charles A.) Lindbergh

Deborah
    $1000 8
(Alex: And you see them in a lot of bars and nightclubs--[*].)
[Alex dances spastically, as if in [*].]
[Laughter]

strobe lights

Triple Stumper

Scores at the first commercial break (after clue 15):

Deborah Monica Melissa
$400 $1,800 $3,400

Scores at the end of the Jeopardy! Round:

Deborah Monica Melissa
$2,800 $2,600 $8,600

Double Jeopardy! Round responses

RIVERS
DEAD MAN WALKEN
THE ENVIRONMENT
ALL'S PHARAOH
(Alex: We're dealing with King Tut.)
IN LOVE
"WAR"
    $400 1
the Netherlands

Deborah
    $400 3
The Deer Hunter

Deborah
    $400 6
lead

Melissa
    $400 10
Treasures

Melissa
    $400 17
Virgil

Monica
    $400 21
a warlock

Deborah
    $800 2
(Deborah: What is the Trenton?)

the Delaware

Deborah
Triple Stumper
    $800 4
The Stepford Wives

Monica
    $800 7
a rain forest

Monica
    $800 14
gold

Monica
    $800 18
The Good Earth

Deborah
    $800 22
warrior princess

Deborah
    $1200 5
Senegal

Melissa
    $1200 28
James Bond

Deborah
    $1200 11
hug trees

Triple Stumper
    $1200 15
(Melissa: What is foyer?)

antechamber

MonicaMelissa
    $1200 19
George Sand

Monica
    $1200 23
a warbler

Melissa
    $1600 8
the Orinoco

Monica
    $1600 30
The Dead Zone

Deborah
    $800 12
the Caspian Sea

Melissa
    $1600 16
(Melissa: What is Cheops?)

Ramses

DeborahMelissa
    $1600 26
Madame Bovary

Melissa
    $1600 24
(Melissa: What is NATO?)
...
(Alex: Yes, W-A-R must come up.)

the Warsaw Pact

MonicaMelissa
    $2000 9
the Tagus

Monica
    $2000 29
Catch Me If You Can

Deborah
    $2000 13
Alaska

Monica
    $2000 20
(Melissa: What is the death mask?)
(Deborah: What is 1924?)
...
(Alex: You were close, Deborah. It's [*].)

1922

DeborahMelissa
Triple Stumper
    $2000 27
Pagliacci

Monica
    $2,000 25
(Alex: A costly mistake, perhaps, for Melissa. A minute to go, Monica.)
...
(Monica: What is Warwick?)
(Alex: No. What is [*]? [*]. Wallis [*] Simpson. Select again.)

Warfield

Monica

Scores at the end of the Double Jeopardy! Round:

Deborah Monica Melissa
$9,200 $15,000 $7,800

[wagering suggestions for these scores]

Final Jeopardy! Round responses

AFRICA
MelissaWhat is English
$7,750
DeborahWhat is Portugese?
$5,800
MonicaWhat is Dutch?
$7,000
Spanish

Final scores:

Deborah Monica Melissa
$3,400 $8,000 $50
2nd place: $2,000 New champion: $8,000 3rd place: $1,000

Game dynamics:

Coryat scores:

Deborah Monica Melissa
$9,600 $17,000 $8,600
16 R
(including 1 DD),
3 W
17 R,
2 W
(including 1 DD)
19 R
(including 1 DD),
4 W

Combined Coryat: $35,200

[game clues] [game scores] [suggest correction]

Game tape date: 2005-07-26
The J! Archive is created by fans, for fans. Scraping, republication, monetization, and malicious use prohibited; this site may use cookies and collect identifying information. See terms. The Jeopardy! game show and all elements thereof, including but not limited to copyright and trademark thereto, are the property of Jeopardy Productions, Inc. and are protected under law. This website is not affiliated with, sponsored by, or operated by Jeopardy Productions, Inc. Join the discussion at JBoard.tv.